000 00315nam a22001457a 4500
003 SGT
020 _a978938610496
082 _bSIN
100 _aSINGH JAGDAMBA
245 _aMODERN ORGANIC CHEMISTRY
260 _bPRAGATI PRAKASHAN
_c2017
300 _a1264
650 _aPHYSICAL SCIENCE
942 _2ddc
_cBK
_03
999 _c16062
_d16062